00473nam a2200145Ia 4500008004100000041000800041082001200049100002000061245002100081260004700102300003200149365001100181999001700192952011800209240624s9999 xx 000 0 und d aeng a050 DAS aDASTANE SANTOSH aMAHARASHTRA 2011 c2011aPunebDastane Ramchandra and Company aviii, : 280 : p. : cm. ; 24 cRSb20 c16560d16560 00104070aIMTNbIMTNcRack 2-Bd2011-01-24eWBDg325.00o050 DASp16560r2024-06-24 00:00:00t1w2024-06-24yBK